000 02037 a2200373 4500
001 OB-pucl-1434
003 FrMaCLE
005 20251214082526.0
007 cu ||||||m||||
008 130327e||||||||xx |||||s|||||||||0|fr|d
020 _a978-2-87558-163-1
040 _aFR-FrMaCLE
041 _afra
100 1 _aBolly, Cécile
245 1 0 _aDépression, démence :
_bDeux visages du déclin /
_cCécile Bolly, Jean-Marie Degryse, Carl Vanwelde.
260 _aLouvain-la-Neuve :
_bPresses universitaires de Louvain,
_c2013.
300 _a125 p.
500 _aEbook
520 _a Dépression et démence ne seraient-elles qu’une seule maladie, comme le double visage de Janus, qu’Ovide identifiait au Chaos ? Longtemps présentées comme un diagnostic différentiel à envisager lors des troubles mnésiques débutants, ces deux affections intriquées demeurent une énigme pour le corps médical confronté au déclin de la personne âgée. Égarant le diagnostic, leur étiopathogénie demeure incertaine à plus d’un égard. Sont-elles des sœurs siamoises issues d’une pathologie organique unique préexistante ou la conséquence l’une de l’autre : la détresse du dément qui prend conscience de son invalidité ou la dépression à ce point déstructurante qu’elle débouche sur la folie ? Les arguments pour chacune de ces hypothèses seront avancés avec toutes les précautions d’usage, sans prétendre imposer au lecteur une réponse univoque à la fi n du parcours.
540 _aOpenEdition Books License
_uhttps://www.openedition.org/12554
650 4 _aPsychology
650 4 _aSocial Sciences, Biomedical
650 4 _adépression
650 4 _adémence
650 4 _adiagnostic différentiel
650 4 _agériatrie
650 4 _atroubles cognitifs
650 4 _asanté
650 4 _avieillesse
700 1 _aDegryse, Jean-Marie
700 1 _aVanwelde, Carl
776 _z978-2-87463-130-6
856 4 _eBolly, Cécile
_uhttps://books.openedition.org/pucl/1434
_yDépression, démence
999 _c434
_d434